Fisiología humana / (Registro nro. 2018)
[ vista simple ]
| 000 -LEADER | |
|---|---|
| campo de control de longitud fija | 00808nam a2200241Ia 4500 |
| 003 - IDENTIFICADOR DE NÚMERO DE CONTROL | |
| campo de control | OSt |
| 005 - FECHA Y HORA DE LA ÚLTIMA TRANSACCIÓN | |
| campo de control | 20230811015410.0 |
| 008 - DATOS DE LONGITUD FIJA--INFORMACIÓN GENERAL | |
| campo de control de longitud fija | 230728t1987||||xx |||||||||||||| ||und|| |
| 040 ## - FUENTE DE CATALOGACIÓN | |
| Centro catalogador/agencia de origen | ODONTO |
| Lengua de catalogación | spa |
| Centro/agencia transcriptor | ODONTO |
| Centro/agencia modificador | ODONTO |
| 041 ## - CÓDIGO DE IDIOMA | |
| Código de lengua del texto/banda sonora o título independiente | spa |
| 082 ## - NÚMERO DE LA CLASIFICACIÓN DECIMAL DEWEY | |
| Número de clasificación | 612 G992f:6 |
| 100 #1 - ENTRADA PRINCIPAL--NOMBRE DE PERSONA | |
| Nombre de persona | Guyton, Arthur C. |
| 9 (RLIN) | 2208 |
| 245 #0 - MENCIÓN DEL TÍTULO | |
| Título | Fisiología humana / |
| Mención de responsabilidad, etc. | Arthur C. Guyton ; tr. Santiago Sapiña Renard. -- |
| 250 ## - MENCION DE EDICION | |
| Mención de edición | 6 ed. -- |
| 260 ## - PUBLICACIÓN, DISTRIBUCIÓN, ETC. | |
| Lugar de publicación, distribución, etc. | México : |
| Nombre del editor, distribuidor, etc. | Interamericana, |
| Fecha de publicación, distribución, etc. | 1987. |
| 300 ## - DESCRIPCIÓN FÍSICA | |
| Extensión | vii, 704 p. : |
| Otras características físicas | il. ; |
| Dimensiones | 25 cm. |
| 500 ## - NOTA GENERAL | |
| Nota general | Título original en inglés: Physiology of the human body |
| 504 ## - NOTA DE BIBLIOGRAFÍA, ETC. | |
| Nota de bibliografía, etc. | Bibliografía: al final de cada capítulo. |
| 650 02 - PUNTO DE ACCESO ADICIONAL DE MATERIA--TÉRMINO DE MATERIA | |
| Término de materia o nombre geográfico como elemento de entrada | Fisiología humana |
| 9 (RLIN) | 432 |
| 650 02 - PUNTO DE ACCESO ADICIONAL DE MATERIA--TÉRMINO DE MATERIA | |
| Término de materia o nombre geográfico como elemento de entrada | Psicofisiología |
| 9 (RLIN) | 1086 |
| 650 02 - PUNTO DE ACCESO ADICIONAL DE MATERIA--TÉRMINO DE MATERIA | |
| Término de materia o nombre geográfico como elemento de entrada | Mecánica humana |
| 9 (RLIN) | 1085 |
| 942 ## - ELEMENTOS DE ENTRADA SECUNDARIOS (KOHA) | |
| Código de la institución [OBSOLETO] | Biblioteca de Odontología |
| Tipo de ítem Koha | Libros |
| Prefijo de la signatura | 612 G992f:6 |
| Fuente del sistema de clasificación o colocación | Clasificación Decimal Dewey |
| Estatus retirado | Estado de pérdida | Fuente del sistema de clasificación o colocación | Estado de daño | No para préstamo | Biblioteca de origen | Biblioteca actual | Ubicación en estantería | Fecha de adquisición | Fuente de adquisición | Coste, precio normal de compra | Número de inventario | Signatura topográfica completa | Código de barras | Visto por última vez | Tipo de ítem Koha | Copia número |
|---|---|---|---|---|---|---|---|---|---|---|---|---|---|---|---|---|
| Clasificación Decimal Dewey | Biblioteca de la Facultad de Odontología | Biblioteca de la Facultad de Odontología | Colección general | 01/01/1995 | Interamericana | 380.00 | 10-H-5798-95 | 612 G992f:6 | L00000209 | 11/08/2023 | Libros | |||||
| Clasificación Decimal Dewey | Biblioteca de la Facultad de Odontología | Biblioteca de la Facultad de Odontología | Colección general | 01/01/1995 | Interamericana | 380.00 | 10-H-5799-95 | 612 G992f:6 | L00000210 | 11/08/2023 | Libros | 2 | ||||
| Clasificación Decimal Dewey | Biblioteca de la Facultad de Odontología | Biblioteca de la Facultad de Odontología | Colección general | 01/01/1995 | Interamericana | 380.00 | 10-H-5800-95 | 612 G992f:6 | L00000213 | 11/08/2023 | Libros | 3 | ||||
| Clasificación Decimal Dewey | Biblioteca de la Facultad de Odontología | Biblioteca de la Facultad de Odontología | Colección general | 01/01/1995 | Interamericana | 380.00 | 10-H-5801-95 | 612 G992f:6 | L00000211 | 11/08/2023 | Libros | 4 | ||||
| Clasificación Decimal Dewey | Biblioteca de la Facultad de Odontología | Biblioteca de la Facultad de Odontología | Colección general | 01/01/1995 | Interamericana | 380.00 | 10-H-5802-95 | 612 G992f:6 | L00000212 | 11/08/2023 | Libros | 5 |

